000 00269nam a2200097Ia 4500
008 230508s2002 xx 000 0 und d
041 _aeng
100 _aTODD,ALLEN & ALTING
245 _aFUNDAMENTAL PRINCIPLES OF MANUFACTAING PRO.
260 _bINDUSTRIAL PRESS INC
_c2002
999 _c339349
_d339349